000 00305 a2200133 4500
999 _c325189
_d325189
001 90116
003 NUST
082 _a891.73 DOS
100 _aDostoevsky
_99746
245 _aDostoevsky
_hUrdu
260 _aLahore
_bAlhamd Publications
_c2014
300 _a430p.
500 _aGeneral Books
942 _aCAE NUST
_cBK
_k891.73 DOS
_2ddc